Protocolo distrital de restauración ecológica (Registro nro. 2148)

Detalles MARC
000 -CABECERA
Campo de control 00684nam a2200193 a 4500
090 ## - CLASIFICACIÓN LOCAL
Colección LB
Consecutivo 01980
041 ## - IDIOMA
Código de idioma para texto/pista de sonido o título separado Español
100 ## - ASIENTO PRINCIPAL--NOMBRE PERSONAL
Nombre personal Salamanca, Bibiana
245 ## - MENCION DE TITULO
Título Protocolo distrital de restauración ecológica
Parte restante del título guía para la restauración de ecosistemas nativos en las áreas rurales de Santa fe de Bogotá
260 ## - PUBLICACION, DISTRIBUCION, ETC. (PIE DE IMPRENTA)
Lugar de publicación, distribución, etc. Bogotá
Nombre del editor, distribuidor, etc. DAMA
-- Fundación Bachaqueros
Fecha de publicación, distribución, etc. 2000
300 ## - DESCRIPCION FISICA
Extensión 288
650 ## - ASIENTO SECUNDARIO DE MATERIA - TERMINO TEMATICO
Término temático o nombre geográfico como elemento de entrada Restauración ecológica
650 ## - ASIENTO SECUNDARIO DE MATERIA - TERMINO TEMATICO
Término temático o nombre geográfico como elemento de entrada Guías técnicas
650 ## - ASIENTO SECUNDARIO DE MATERIA - TERMINO TEMATICO
Término temático o nombre geográfico como elemento de entrada Ecosistemas
650 ## - ASIENTO SECUNDARIO DE MATERIA - TERMINO TEMATICO
Término temático o nombre geográfico como elemento de entrada Especies dinamogenéticas
650 ## - ASIENTO SECUNDARIO DE MATERIA - TERMINO TEMATICO
Término temático o nombre geográfico como elemento de entrada Claves dendrológicas
662 ## - ASIENTO SECUNDARIO DE MATERIA - JERARQUIA DEL NOMBRE DE LUGAR(
País o entidad mayor Colombia
Ciudad Bogotá
Jurisdicción política de primer orden Cundinamarca
700 ## - ASIENTO SECUNDARIO - NOMBRE PERSONAL
Nombre personal Camargo, Germán

No hay ítems disponibles.